书目信息 |
| 书名: | Linguistics for students of literature | |
| 作者: | Elizabeth Closs Traugott, Mary Louise Pratt. | |
| 分册号: | ||
| 分册名: | 出版地: | New York : |
|
| 出版社: | Harcourt Brace Jovanovich | |
| 出版时间: | c1980. | |
| 页数: | xv, 444 p. : | |
| 开本: | 24 cm. | |
| 丛书名: | ||
| 中图分类号: | ||
| 科图分类号: | ||
| 其他分类号: | I045 | |
| 主题词: | ||
| 电子资源: | ||
| 000 | 00923nam 2200301 i 4500 | |
| 001 | E0752792485 | |
| 003 | OCoLC | |
| 005 | 20070301144123.84 | |
| 008 | 030402s1980 nyua b 001 0 eng | |
| 010 | @a 79091194 | |
| 015 | @aGB80-23183 | |
| 020 | @a0155510304. | |
| 040 | @aDLC@cDLC@dUKM | |
| 050 | 00 | @aP123@b.T67 |
| 082 | 0 | @a410 |
| 090 | @aI045 | |
| 099 | @dI045@ex2 | |
| 100 | 1 | @aTraugott, Elizabeth Closs. |
| 245 | 10 | @aLinguistics for students of literature / @cElizabeth Closs Traugott, Mary Louise Pratt. |
| 260 | @aNew York :@bHarcourt Brace Jovanovich,@cc1980. | |
| 300 | @axv, 444 p. :@bill. ;@c24 cm. | |
| 500 | @aIncludes index. | |
| 504 | @aBibliography: p. 411-423. | |
| 650 | 0 | @aEnglish philology. |
| 650 | 0 | @aLinguistics. |
| 653 | @aEnglish language For literary criticism | |
| 700 | 1 | @aPratt, Mary Louise,@d1948-@ejoint author. |
| 920 | @a232010@z2 | |
| Linguistics for students of literature / / Elizabeth Closs Traugott, Mary Louise Pratt.-New York : : Harcourt Brace Jovanovich, , c1980. |
| xv, 444 p. : : ill. ; ; 24 cm. |
| Includes index.-Bibliography: p. 411-423. |
| ISBN 0155510304. |
| ● |
| 相关链接 |
|
|
|
|
正题名:Linguistics for students of literature
索取号:I045/x2
 
预约/预借
| 序号 | 登录号 | 条形码 | 馆藏地/架位号 | 状态 | 备注 |
| 1 | 52862 | 000434186 | 第四借阅区/ [索取号:I045/x2] | 在馆 |